États du Nigéria - Carte - Statistiques

Statistiques générales
  • Ce quiz a été pris 137 fois
  • Le résultat moyen est 10 sur 37
Réponses sur la Carte
Les réponses sont colorées sur une échelle allant du rouge au vert en fonction du pourcentage des utilisateurs qui les ont devinées à leur premier essai. Vous pouvez retrouver ces pourcentages ci-dessous.
 
Statistiques - réponses
État % Correct
Lagos
92%
Territoire de la capitale fédérale
74%
Kano
55%
Delta
39%
Niger
39%
Edo
37%
Akwa Ibom
32%
Bauchi
32%
Cross River
32%
Oyo
32%
Borno
29%
Abia
26%
Adamawa
26%
Kaduna
26%
Osun
26%
Rivers
26%
Sokoto
26%
Anambra
21%
Ekiti
21%
Imo
21%
Kwara
21%
Ogun
21%
Plateau
21%
Yobe
21%
Benue
18%
Enugu
18%
Gombe
18%
Katsina
18%
Ondo
18%
Bayelsa
16%
Zamfara
16%
Jigawa
13%
Kebbi
13%
Taraba
13%
Ebonyi
11%
Koji
11%
Nassawara
8%
Aucun quiz correspondant
Distribution des résultats
% des personnes avec chaque résultat
Percentile par nombre de réponses
Votre historique - résultats
Vous n’avez pas pris ce quiz